Incitación al Nixonicidio, y alabanza de la revolución chilena (Record no. 157546)
[ view plain ]
| 000 -LEADER | |
|---|---|
| fixed length control field | 00540nam a22001697a 4500 |
| 005 - DATE AND TIME OF LATEST TRANSACTION | |
| control field | 20210910120307.0 |
| 008 - FIXED-LENGTH DATA ELEMENTS--GENERAL INFORMATION | |
| fixed length control field | 210910b cl ||||| |||| 00| 0 spa d |
| 050 ## - LIBRARY OF CONGRESS CALL NUMBER | |
| Classification number | PQ8097.N4 |
| Item number | I63 1973 |
| 100 1# - MAIN ENTRY--PERSONAL NAME | |
| Personal name | Neruda, Pablo, |
| Dates associated with a name | 1904-1973 |
| 245 10 - TITLE STATEMENT | |
| Title | Incitación al Nixonicidio, y alabanza de la revolución chilena |
| Statement of responsibility, etc | / Pablo Neruda |
| 250 ## - EDITION STATEMENT | |
| Edition statement | 1a ed. |
| 260 ## - PUBLICATION, DISTRIBUTION, ETC. (IMPRINT) | |
| Place of publication, distribution, etc | México : |
| Name of publisher, distributor, etc | Grijalbo, |
| Date of publication, distribution, etc | 1990 |
| 300 ## - PHYSICAL DESCRIPTION | |
| Extent | 100 p. ; |
| Dimensions | 20 cm. |
| 600 #4 - SUBJECT ADDED ENTRY--PERSONAL NAME | |
| Personal name | Nixon, Richard M., |
| Dates associated with a name | 1913-1994 |
| Fuller form of name | (Richard Milhous) |
| General subdivision | Poesía |
| 650 #7 - SUBJECT ADDED ENTRY--TOPICAL TERM | |
| Source of heading or term | Lemb |
| 942 ## - ADDED ENTRY ELEMENTS (KOHA) | |
| Source of classification or shelving scheme | Biblioteca del Cogreso de los Estados Unidos |
| Koha item type | Libro |
| Estado de pérdida | Fuente de clasificación | Estado del daño | No para préstamo | Ubicación permanente | Ubicación actual | Apartado o colección | Fecha de adquisición | Edición | Área del conocimiento | Clasificación | Código de Barras | Date last seen | Número de copia | Costo por reposición | Tipo de recurso |
|---|---|---|---|---|---|---|---|---|---|---|---|---|---|---|---|
| Biblioteca del Cogreso de los Estados Unidos | Biblioteca de la Preparatoria José Ma. Morelos | Biblioteca de la Preparatoria José Ma. Morelos | Literatura | 10/09/2021 | 1a ed. | Educación y Humanidades | PQ8097.N4 I63 1973 | PJM000003709 | 10/09/2021 | 1 | 1.00 | Libro |